000 01077nas a2200349 4500
001 BR2011001218
003 BR-BrBNA
005 20231205114852.0
007 ta
008 230509b bl.|||p| |||| 00| 00por d
040 _aBR-BrBNA
_bpor
_cBiblioteca Nacional de Agricultura
041 _a(Pt)
072 _aK10
100 1 _aCâmara, F.A.A.
100 1 _aTorres, S.B.
100 1 _aGuimarães, I.P.
100 1 _aOliveira, M.K.T. de
100 1 _aOliveira, F. de A.
245 1 _aBiometria de frutos e sementes e superação de dormência de jucá (Caesalpinia ferrea Mart. ex Tul (Leguminosae - Caesalpinoideae)
650 _aJUCÁ
650 _aÁRVORE ANGIOSPERMA
650 _aMADEIRA
650 _aSEMENTE FLORESTAL
650 _aBIOMETRIA
650 _aDORMÊNCIA DA SEMENTE
650 _aPLÂNTULA
650 _aESCARIFICAÇÃO
650 _aRIO GRANDE DO NORTE
773 0 _tRevista Caatinga (Brazil)
_xISSN 0100-316X
_g(Oct-Dec 2008), v. 21(4) p. 165-171
_wBR2011001218
909 _a202311
_bLúcia
_c55
_dLúcia Elande
942 _2AGRIS
_n0
_cANA
999 _c210927
_d210927